Online
Catalog

En el Panteon Nacional : (Record no. 6946)

MARC details
000 -CABECERA
campo de control de longitud fija 00855nam a2200205 a 4500
001 - NÚMERO DE CONTROL
campo de control 000007165
005 - FECHA Y HORA DE LA ÚLTIMA TRANSACCIÓN
campo de control 20260305073955.0
008 - DATOS DE LONGITUD FIJA--INFORMACIÓN GENERAL
campo de control de longitud fija 900530s1984 ve cf b f000 0dspa
040 ## - FUENTE DE LA CATALOGACIÓN
Centro catalogador/agencia de origen DO-SdBNP
Lengua de catalogación spa
Centro/agencia transcriptor BNPHU
100 1# - ENTRADA PRINCIPAL--NOMBRE DE PERSONA
Nombre de persona Herrera Campins, Luis.
9 (RLIN) 18065
245 10 - MENCIÓN DE TÍTULO
Título En el Panteon Nacional :
Resto del título Jose Antonio Paez, Andres Bello, Simon Bolivar /
Mención de responsabilidad, etc. [Luis Herrera Campins].
260 ## - PUBLICACIÓN, DISTRIBUCIÓN, ETC.
Lugar de publicación, distribución, etc. Caracas, Venezuela :
Nombre del editor, distribuidor, etc. Ediciones de la Presidencia de la Republica,
Fecha de publicación, distribución, etc. [1984].
300 ## - DESCRIPCIÓN FÍSICA
Extensión 87 p. :
Otras características físicas il. retrs. ;
Dimensiones 18 cm.
500 ## - NOTA GENERAL
Nota general Discursos presentados en el Panteón Nacional, Caracas, del 6 de mayo de 1973 al 24 de julio de 1983.
504 ## - NOTA DE BIBLIOGRAFÍA, ETC.
Nota de bibliografía, etc. Bibliografías
651 #0 - PUNTO DE ACCESO ADICIONAL DE MATERIA--NOMBRE GEOGRÁFICO
Nombre geográfico Venezuela
Subdivisión general History
Subdivisión cronológica 19th century.
9 (RLIN) 19895
600 10 - PUNTO DE ACCESO ADICIONAL DE MATERIA--NOMBRE DE PERSONA
Nombre de persona Paez, Jose Antonio,
Fechas asociadas al nombre 1790-1873.
9 (RLIN) 19896
600 10 - PUNTO DE ACCESO ADICIONAL DE MATERIA--NOMBRE DE PERSONA
Nombre de persona Bello, Andres,
Fechas asociadas al nombre 1781-1865.
9 (RLIN) 18145
600 10 - PUNTO DE ACCESO ADICIONAL DE MATERIA--NOMBRE DE PERSONA
Nombre de persona Bolívar, Simón,
Fechas asociadas al nombre 1783-1830
9 (RLIN) 253
Holdings
Estado de retiro Estado de pérdida Restricciones de uso No para préstamo Código de colección Localización permanente Ubicación/localización actual Ubicación en estantería Fecha de adquisición Número de inventario Total de préstamos Signatura topográfica completa Código de barras Fecha visto por última vez Precio válido a partir de Tipo de ítem Koha
    Préstamo interno Préstamo restrigido Monografías: Libros y Folletos General General En encuadernación 05.09.2009 LF1   7165-10 25.06.2020 25.06.2020 Préstamo interno

Powered by Koha